000 01264nam a2200349Ic 4500
001 59494
003 CO-BoRNBP
005 20251021145029.0
007 ta
008 180815s2013 sp a g 000 0 spa
020 _a9788434469204
040 _aCO-BoRNBP
_bspa
_erda
_cCO-BoRNBP
041 _aspa
082 0 4 _a510
_bA47a
100 _aAlsina, Claudi,
_d1952-
_eaut
_965729
245 1 0 _aAsesinatos matemáticos :
_buna colección de errores que serían divertidos si no fuesen tan frecuentes /
_cClaudi Alsina ; ilustraciones de Anthony Garner.
250 _aPrimera edición
_bquinta impresión
264 1 _aBarcelona, España :
_bAriel,
_c2013
300 _a236 páginas :
_bilustraciones en blanco y negro
336 _atexto
_btxt
_2rdacontent
337 _asin mediación
_bn
_2rdamedia
338 _avolumen
_bnc
_2rdacarrier
490 0 _aClaves
500 _aIncluye bibliografía al final del texto
500 _aIncluye índice de materias
521 _aRecomendado para público adulto
650 0 7 _aErrores populares
_vCuriosidades y enigmas
_2lemb
_965730
650 0 7 _aMatemáticas
_vCuriosidades y enigmas
_2lemb
_965393
650 0 4 _aNúmeros
_vCuriosidades y enigmas
_2LEMB
_965731
700 _aGarner, Anthony
_965732
942 _2ddc
_cBK
999 _c59494
_d59494